Làm chủ Windows server 2003

Nội dung sách hướng dẫn toàn diện về kết nối mạng doanh nghiệp bằng Windows server 2003. Bí quyết để xây dựng mạng Windows an toàn, không trục trặc...

Gorde:
Xehetasun bibliografikoak
Egile nagusia: Phạm, Hoàng Dũng
Formatua: Liburua
Hizkuntza:Undetermined
Argitaratua: Hà Nội Thống Kê 2005
Gaiak:
Etiketak: Etiketa erantsi
Etiketarik gabe, Izan zaitez lehena erregistro honi etiketa jartzen!
Thư viện lưu trữ: Trung tâm Học liệu Trường Đại học Cần Thơ
LEADER 00896nam a2200217Ia 4500
001 CTU_74885
008 210402s9999 xx 000 0 und d
020 |b 152000 
082 |a 005.43769 
082 |b D523/T.3 
100 |a Phạm, Hoàng Dũng 
245 0 |a Làm chủ Windows server 2003 
245 0 |c Phạm Hoàng Dũng (chủ biên), Hoàng Đức Hải 
260 |a Hà Nội 
260 |b Thống Kê 
260 |c 2005 
520 |a Nội dung sách hướng dẫn toàn diện về kết nối mạng doanh nghiệp bằng Windows server 2003. Bí quyết để xây dựng mạng Windows an toàn, không trục trặc... 
650 |a Windows (chương trình máy tính),Windows (Computer programs) 
650 |x Phần mềm,Software 
904 |i Nguyên 
980 |a Trung tâm Học liệu Trường Đại học Cần Thơ